000 00463nam a22001217a 4500
999 _c21433
_d21433
008 240910b ||||| |||| 00| 0 eng d
100 _aBathan, Benjie P.
_eauthor.
_960476
245 _aLiteracy mapping sa sitio tilaga /
_cBenjie P. Bathan.
260 _aPhilippines;
_bPublishers Association of the Philippines, Inc.,
_cSeptember 2019.
300 _aVolume 168, pages 152-154,
_billustration.
700 _aBathan, Benjie P.
_eauthor.
_960476
942 _2ddc
_cPER